Parkinson's disease (Record no. 208718)
[ view plain ]
| 000 -LEADER | |
|---|---|
| fixed length control field | 01522nam a22003374a 4500 |
| 082 04 - DEWEY DECIMAL CLASSIFICATION NUMBER | |
| Classification number | 616.8/33 |
| 245 10 - TITLE STATEMENT | |
| Title | Parkinson's disease |
| 260 ## - PUBLICATION, DISTRIBUTION, ETC. (IMPRINT) | |
| Place of publication | Amsterdam ; |
| -- | Washington, DC : |
| Name of publisher | IOS Press, |
| Year of publication | c2002. |
| 300 ## - PHYSICAL DESCRIPTION | |
| Number of Pages | viii, 159 p. : |
| Other physical details | ill. |
| 490 1# - SERIES STATEMENT | |
| Series statement | Solvay Pharmaceuticals Conferences, |
| 500 ## - GENERAL NOTE | |
| General note | "The First Solvay Pharmaceuticals Conference on "Parkinson's Disease" was held in Como from October 25 to 27, 2000"--Pref. |
| 650 #0 - SUBJECT ADDED ENTRY--TOPICAL TERM | |
| Topical Term | Parkinson's disease |
| 700 1# - ADDED ENTRY--PERSONAL NAME | |
| Personal name | Ronken, E. |
| Personal name | Scharrenburg, G. J. M. van. |
| 856 40 - ELECTRONIC LOCATION AND ACCESS | |
| Uniform Resource Identifier | http://site.ebrary.com/lib/rucke/Doc?id=10116449 |
No items available.
